000 00602nam a2200181Ia 4500
008 100920s9999 xx 000 0 und d
082 _b93550
_a24 न 04
100 _aशर्मा परमात्मा.
245 _aमानव जन्म की कहानी.
260 _bअपराजिता इलाहबाद.
_c2004
300 _a38
_bसाधी
365 _b40
520 _aसायो.
630 _aमानव जन्म की कहानी.
650 _aसायो.
730 _aमानव जन्म की कहानी.
942 _cBOOK
999 _c733993
_d733990